00653nam a2200181Ii 450000100060000000300090000600800410001504000330005604100080008908200250009710000370012224501310015926400880029030000120037833600260039033700280041633800270044413405CO-ViMGA241108s9999||||xx |||||||||||||| ||und|| aCO-ViMGAbspaerdacCO-ViMGA0 aspa04aF.FC 301.4243 - C15p1 aCámara de Comercio de Bogotá10aLa prostitución infantil y la adolescente en el centro de Santefé de Bogotá:bUn ensayo de investigación social urbana 1aBogotá, Colombia : Taller de Publicaciones Cámara de Comercio de Bogotá, 1993 avolumen atextbtxt2rdacontent aunmediatedbn2rdamedia avolumebnc2rdacarrier